000 00597nam a2200193 a 4500
001 000011210
005 20240412074224.0
008 091015s19uu dr r 000 0 spa d
040 _aDO-SdBNP
_bspa
_cBNPHU
090 _aRD861.44
_bR696c
100 1 _aRodríguez, José
_923002
245 1 0 _aCabalgando sobre el recuerdo :
_bvivencias de juventud /.
260 _aSanto Domingo :
_bTele-3,
_c199-?
300 _a114 p. ;
_c23 cm.
590 _aInventariado, 2018/BT
650 0 _aPoesía dominicana
_966
650 0 _aLiteratura dominicana.
_967
910 _aValidado. Control de calidad. MMOLINA
999 _c10929
_d10929